Statistics for Most Best Actor Nominations

Click here to take the quiz!

General Stats

  • This quiz has been taken 32 times
  • The average score is 12 of 20

Answer Stats

# of Nominations Actor % Correct
7Dustin Hoffman
80%
8Jack Nicholson
80%
5Robert DeNiro
80%
5Al Pacino
77%
5Denzel Washington
70%
5Tom Hanks
67%
5Daniel Day-Lewis
67%
7Marlon Brando
67%
9Spencer Tracy
63%
8Peter O'Toole
63%
9Laurence Olivier
63%
8Paul Newman
60%
5Gary Cooper
57%
5James Stewart
57%
6Richard Burton
53%
5Gregory Peck
53%
7Jack Lemmon
50%
5Sean Penn
47%
5Frederic March
30%
5Paul Muni
17%

Score Distribution

Percentile by Number Answered

Percent of People with Each Score

Your Score History

You have not taken this quiz